00754nam a2200193Ia 450000500170000000800410001701600140005804000240007205000160009608200190011211000480013124501380017926000470031730000210036456300100038565000460039565000580044165000610049920250506112419.0210303s9999 xx 000 0 und d 2reto2022b aNLNbEnglisheAACR2 aK3321b.K11 a352.4630966973 aKaduna State. Land investigation Commission 0aReport of the land investigation commission volume xi :bKastina local government area /cKaduna State. Land investigation Commission aKaduna State :bGovernment Printer,c1982? a4, 53p. ;b25cm. a(pbk) aGovernmental InvestigationsvKaduna State aLand TenurevKadunaxKastina Local government council aLand usevKaduna StatexKastina local government council